| 000 -LEADER |
| fixed length control field |
00784nam a22002177 4500 |
| 003 - CONTROL NUMBER IDENTIFIER |
| control field |
AR-BaISA |
| 005 - DATE AND TIME OF LATEST TRANSACTION |
| control field |
20221221103948.0 |
| 007 - PHYSICAL DESCRIPTION FIXED FIELD--GENERAL INFORMATION |
| fixed length control field |
ta |
| 008 - FIXED-LENGTH DATA ELEMENTS--GENERAL INFORMATION |
| fixed length control field |
221221s2010 ag |||| |||| 000 0 spa d |
| 020 ## - INTERNATIONAL STANDARD BOOK NUMBER |
| International Standard Book Number |
9789879525648 |
| 040 ## - CATALOGING SOURCE |
| Language of cataloging |
spa |
| Transcribing agency |
AR-BaISA |
| 082 04 - DEWEY DECIMAL CLASSIFICATION NUMBER |
| Edition number |
22 |
| Classification number |
R615.1 C62 |
| 245 10 - TITLE STATEMENT |
| Title |
Formulario terapéutico nacional / |
| Statement of responsibility, etc. |
Confederación Médica de la República Argentina |
| 250 ## - EDITION STATEMENT |
| Edition statement |
11ª ed. |
| 260 ## - PUBLICATION, DISTRIBUTION, ETC. |
| Place of publication, distribution, etc. |
Buenos Aires: |
| Name of publisher, distributor, etc. |
COMRA, |
| Date of publication, distribution, etc. |
[2010?] |
| 300 ## - PHYSICAL DESCRIPTION |
| Extent |
703 p. |
| 500 ## - GENERAL NOTE |
| General note |
Publicación auspiciada por la Organización Mundial de la Salud, la Organización Panamericana de la Salud, el Ministerio de Salud de la Nación, y la Red Argentina de Salud (RAS-COMRA). |
| 650 10 - SUBJECT ADDED ENTRY--TOPICAL TERM |
| 9 (RLIN) |
629 |
| Topical term or geographic name entry element |
Productos farmacéuticos |
| 650 10 - SUBJECT ADDED ENTRY--TOPICAL TERM |
| 9 (RLIN) |
411 |
| Topical term or geographic name entry element |
Farmacología clínica |
| 942 ## - ADDED ENTRY ELEMENTS (KOHA) |
| Source of classification or shelving scheme |
|
| Koha item type |
Libros |
| Edition |
22 |